Drupal 6 Search Engine Optimization (Record no. 324521)

MARC details
000 -LEADER
fixed length control field 00528nam a2200157Ia 4500
008 - FIXED-LENGTH DATA ELEMENTS--GENERAL INFORMATION
fixed length control field 230718s9999 xx 000 0 und d
041 ## - LANGUAGE CODE
Language code of text/sound track or separate title eng
082 ## - DEWEY DECIMAL CLASSIFICATION NUMBER
Classification number 005.678
Item number FIN
100 ## - MAIN ENTRY--PERSONAL NAME
Personal name Finklea B.
9 (RLIN) 173009
245 ## - TITLE STATEMENT
Title Drupal 6 Search Engine Optimization
Remainder of title Rank High In Search Engines With Professional SEO Tips Modules And Best Practices For Drupal Web Sites
260 ## - PUBLICATION, DISTRIBUTION, ETC. (IMPRINT)
Date of publication, distribution, etc. 2009
Name of publisher, distributor, etc. Packt Pub.
300 ## - PHYSICAL DESCRIPTION
Extent 261
365 ## - TRADE PRICE
Currency code Rs.
Price amount 325.00
700 ## - ADDED ENTRY--PERSONAL NAME
Personal name Finklea B.
9 (RLIN) 173009
906 ## - LOCAL DATA ELEMENT F, LDF (RLIN)
d O:0074117-Mar-2010B:668622-Feb-2010
c COMP
b 65
Holdings
Withdrawn status Lost status Damaged status Not for loan Home library Current library Date acquired Vendor Budget Code Cost, normal purchase price Bill number Total Checkouts Full call number Barcode Date last seen Date last checked out Discount Cost, replacement price Bill Date Koha item type Original Barcode
        Cummins College of Engineering for Women Pune Cummins College of Engineering for Women Pune 17/03/2010 Radiant Book Service COMP 260.00 6686 1 005.678 CCEP-BK-35728 26/12/2024 19/12/2024 65 325.00 22/02/2010 Books 035728